Only the Good Die Young - Billy Joel - Lyrics - Statistics

General Stats
  • This quiz has been taken 215 times
  • The average score is 342 of 413
Answer Stats
Lyrics % Correct
on,
100%
on
100%
You
100%
you
100%
you,
100%
I
99%
the
99%
The
99%
to
99%
a
98%
much
98%
too
97%
be
96%
Come
96%
come
96%
die
96%
girls
96%
good
96%
late
96%
me
96%
me?
96%
Virginia,
96%
Catholic
95%
don't
95%
only
95%
Only
95%
young
95%
young,
95%
out,
94%
We
94%
we
94%
but
93%
But,
93%
But
93%
So
93%
start
93%
that
93%
wait
93%
let
91%
might
91%
one
91%
it
90%
well
90%
Well,
90%
as
89%
Oh
89%
oh,
89%
they
88%
They
88%
your
88%
and
87%
And
87%
never
87%
Never
87%
with
87%
down
86%
For
86%
for
86%
laugh
86%
or
86%
say
86%
comes
85%
in
85%
know
85%
later
85%
sooner
85%
Sooner
85%
no
84%
pray
84%
ain't
83%
have
83%
fate
82%
show
82%
told
82%
fun
81%
sinners
81%
said
80%
Said
80%
saints
80%
are
79%
crowd
79%
cry
79%
loud
79%
more
79%
proud
79%
who
79%
Aw,
78%
bit
78%
hurt
78%
what
78%
dangerous
77%
I'd
77%
pay
77%
pretty,
77%
price
77%
rather
77%
sign
77%
than
77%
you're
77%
did
76%
run
76%
sun
75%
behind
74%
glass
74%
I'll
74%
laughing
74%
line
74%
hiding
73%
locked
73%
That's
73%
away
72%
done
72%
it's
72%
prayer
72%
she
72%
stained
72%
things
72%
throw
72%
curtain
71%
heard
71%
those
71%
give
70%
let's
70%
will
70%
better,
69%
didn't
69%
Send
69%
Some
69%
ever
68%
got
68%
signal,
68%
up
68%
count
66%
dress
66%
heaven
66%
information
66%
nice
66%
party
66%
showed
66%
statue,
66%
white
66%
could
64%
enough
64%
mother
64%
of
64%
quite
64%
temple
64%
built
63%
there's
63%
cared
62%
confirmation
62%
new
62%
brand
61%
rosary
61%
counting
60%
were
60%
reputation
59%
gold
58%
all
57%
cross
57%
soul
57%
was
57%
Darlin',
56%
When
56%
Whoa
56%
whoa
56%
tell
54%
Tell
54%
baby
50%
Ooh
46%
ooh,
46%
ooh
46%
ya
45%
mighta
35%
Mmm,
24%
hoo
10%
No matching quizzes found
Score Distribution
Percent of People with Each Score
Percentile by Number Answered
Your Score History
You have not taken this quiz